[Event "Mumbai Transganization op"]
[Site "Mumbai"]
[Date "2024.01.28"]
[Round "7"]
[White "Arora, Advay"]
[Black "Priyharsh"]
[Result "1-0"]
[WhiteElo "1269"]
[BlackElo "1125"]
[PlyCount "103"]
[EventDate "2024.01.25"]
[EventType "swiss"]
[EventRounds "8"]
[EventCountry "IND"]
[SourceTitle "CB06_2024"]
[SourceDate "2024.02.07"]
[SourceVersion "1"]
[SourceVersionDate "2024.02.07"]
[SourceQuality "1"]

1. d4 d5 2. Nc3 Nf6 3. Bf4 c6 4. e3 g6 5. h4 Bg7 6. Qd2 e6 7. Nf3 Nbd7 8. Bd6 Ne4 9. Nxe4 dxe4 10. Ne5 Nf6 11. Ba3 Nd7 12. Nc4 Bf8 13. Bxf8 Nxf8 14. 0-0-0 Qd5 15. Qb4 Qd7 16. Nd6+ Kd8 17. Nxe4 Qe7 18. Qa5+ Qc7 19. Qg5+ Qe7 20. Qe5 Rg8 21. Nf6 Rh8 22. Ng4 f6 23. Qxf6 Qxf6 24. Nxf6 Ke7 25. Ne4 Nd7 26. Bd3 e5 27. h5 gxh5 28. Rxh5 exd4 29. exd4 Nb6 30. Re1 Bd7 31. Ng5+ Kd6 32. Nf7+ Kc7 33. Nxh8 Rxh8 34. Re7 Nd5 35. Rxd5 cxd5 36. Bf5 Rd8 37. Rxd7+ Rxd7 38. Bxd7 Kxd7 39. Kd2 Ke6 40. g4 Kf6 41. f4 b6 42. a4 Kg6 43. Ke3 h5 44. gxh5+ Kxh5 45. c4 dxc4 46. d5 a6 47. d6 b5 48. axb5 axb5 49. d7 b4 50. d8Q c3 51. bxc3 b3 52. Qg5# 1-0

[Event "Mumbai ICS-ch"]
[Site "Mumbai"]
[Date "2022.10.01"]
[Round "5"]
[White "Maniar, Hriday"]
[Black "Arora, Advay"]
[Result "1-0"]
[WhiteElo "1367"]
[BlackElo "1185"]
[PlyCount "55"]
[EventDate "2022.09.25"]
[EventType "swiss"]
[EventRounds "8"]
[EventCountry "IND"]
[SourceTitle "EXT 2023"]
[Source "ChessBase"]
[SourceDate "2022.10.05"]
[SourceVersion "1"]
[SourceVersionDate "2022.10.05"]
[SourceQuality "1"]

1. c4 Nf6 2. Nc3 g6 3. e4 d6 4. d4 Bg7 5. Be2 0-0 6. g4 Nbd7 7. g5 Ne8 8. Be3 f6 9. h4 e5 10. dxe5 f5 11. Qd5+ Kh8 12. exd6 Nxd6 13. h5 gxh5 14. Bxh5 Nb6 15. Bxb6 axb6 16. Bg6 h6 17. gxh6 Bf6 18. e5 Qe7 19. Nf3 Ra5 20. Qd3 Bxe5 21. 0-0-0 Bf6 22. Nd5 Qd8 23. Kb1 Qd7 24. Nxf6 Rxf6 25. Qd4 Qd8 26. Ng5 Qf8 27. Nh7 Qg8 28. Qxf6+ 1-0